| 000 | 00000nam##2200000za#4500 |
| 001 | 9.637887 |
| 003 | CaOODSP |
| 005 | 20210624221424 |
| 007 | cr ||||||||||| |
| 008 | 150407|2001||||xxc|||||o f|0| 0 fre|d |
| 040 | |aCaOODSP|bfre |
| 043 | |an-cn--- |
| 086 | 1 |aE2-212/2001F-PDF |
| 110 | 1 |aCanada.|bAffaires étrangères et Commerce international. |bPolitique commerciale, économique et environnementale. |
| 245 | 10|aAction 2003 : |h[ressource électronique]|bstratégie de développement durable du ministère des Affaires étrangères et du Commerce international |
| 260 | |aOttawa - Ontario : |bAffaires étrangères et Commerce international. |c2001. |
| 300 | |a45, 34p.|bill., références |
| 500 | |aLe n° de catalogue (E2-212/2001) et l'ISBN (0-662-65458-7) de l'édition imprimée bilingue ont été incorrectement copiés dans l'édition électronique. |
| 590 | |a10-13-Supp|b2010-11-23 |
| 691 | 07|aAffaires étrangères|2gcpds |
| 691 | 07|aGestion de l'environnement|2gcpds |
| 691 | 07|aPolitique commerciale|2gcpds |
| 775 | 08|tAgenda 2003 : |w(CaOODSP)9.693713 |
| 776 | 0#|tAgenda 2003 : |w(CaOODSP)9.662471 |
| 776 | 0#|tAction 2003 : |w(CaOODSP)9.662472 |
| 856 | 40|ahttp://publications.gc.ca|qPDF|s1.10 Mo|uhttps://publications.gc.ca/collections/Collection/E2-212-2001F.pdf |
| 856 | 40|ahttp://publications.gc.ca|qPDF|s468 Ko|uhttps://publications.gc.ca/collections/Collection/E2-212-2001F-1.pdf |